00228nam a2200109Ia 4500008004100000100001100041245001100052260001700063260000900080546001200089999001700101170619s9999 xx 000 0 und d aGhatak 0aOptics bMc Graw Hill c2005 aENGLISH c17644d17644